| 000 | 04317nam a22004337a 4500 | ||
|---|---|---|---|
| 005 | 20120906120453.0 | ||
| 010 | _aB-463727-746 | ||
| 020 |
_a9781848375369 _c695.00 |
||
| 035 | _aB-463727-746 | ||
| 037 |
_adpl _bRBC Pub/Ven |
||
| 082 | _a741.2 | ||
| 100 |
_aBarber, Barrington _952233 |
||
| 245 |
_aThe complete book of a drawing : _bessential skills for every artist/ _cby Barrington Barber |
||
| 260 |
_aLondon _bArcturus _c2010 |
||
| 270 |
_a26/27 Bickets Yard,151-153 Bermondsey Street _bLondon _eSEI 3HA |
||
| 300 |
_a352p. _bill. _c24cm.(pbk) |
||
| 942 |
_2ddc _cEN _mBAR _h741.2 |
||
| 999 |
_c69753 _d69753 |
||